00660 2200217 4500001002100000008004100021035002000062245010000082100001000182700001700192700001300209260004200222300002700264020001800291084001600309520006100325082001000386650002200396990001200418990001200430INLIS000000000015723 ind  a0010-0323000171 aGirl PowerbCerdas BerinternetcKaoru, Dreamerz; pengalih bahasa, Surli Tania; editor, Febriani aKAORU aSURLI, Tania aFEBRIANI aJakarta :bBhuana Ilmu Populer,c2020 a154 hal.: ilus.c20 cm a9786232168619 a741.5 KAO c aJudul asli : Candy Series-Technology : Caught in the Net a741.5 aKOMIK. PENDIDIKAN a10580 a a10580 b